Language Quiz

Random Language or Letter Quiz

Sporcle Imposters Quiz Stats

Quiz Updated Apr 10, 2014

Challenge
Share
Tweet
Embed
Score 0/20 Timer 05:00
0 Plays Today
Pattern 7-letter Word % Correct
SP_R_LESPARKLE
98.2%
_ _ _ _CLEBICYCLE
95%
S_OR_ _ESTORAGE
88.3%
SP_R_L_SPIRALS
82.2%
SP_R_ _ _SPARROW
75.9%
SPO_ _ _ ESPOKANE
64.3%
SP_ _ _LESPINDLE
62.5%
_PO_ _LEAPOSTLE
61.8%
S_ _R_ _ESHARPIE
53.2%
_ _ _ _CLEMIRACLE
51.7%
Pattern 7-letter Word % Correct
_ _ _ _CLEVEHICLE
48.8%
SP_ _ _ _ESPLURGE
46.1%
SP_ _ _LESPYHOLE
44.7%
SPOR_ _ _SPORTER
40.1%
S_ _R_LESTERILE
35.1%
S_O_ _ _ESLOVENE
28.8%
S_O_ _ _ESCOTTIE
27.4%
SPOR_ _ _SPORRAN
15.9%
SP_ _ _LESPANGLE
13.2%
SP_R_LESPIRTLE
6.1%

You're not logged in!

Compare scores with friends on all Sporcle quizzes.
Join for Free
OR
Log In

You Might Also Like...

Show Comments

Extras

Top Quizzes Today


Score Distribution

Your Account Isn't Verified!

In order to create a playlist on Sporcle, you need to verify the email address you used during registration. Go to your Sporcle Settings to finish the process.

Report this User

Report this user for behavior that violates our Community Guidelines.

Details: